Textbook of histology

Guardat en:
Dades bibliogràfiques
Autor principal: GUPTA,Upendra Kumar. Rashee Mittal
Format: Llibre
Idioma:anglès
Publicat: CBS Publishers 2017
Etiquetes: Afegir etiqueta
Sense etiquetes, Sigues el primer a etiquetar aquest registre!

MARC

LEADER 00000nam a22000007a 4500
008 210916b ||||| |||| 00| 0 eng d
020 |a 9789386478290 
100 |a GUPTA,Upendra Kumar.  |a Rashee Mittal 
245 |a Textbook of histology  |c Upendra Kumar Gupta {and} Rashee Mitta.  |g x,349 P:ill. 
260 |b CBS Publishers  |c 2017  |d Book.  |h New Delhi  |i 697082  |i 697983  |l QM551.G95  |m Histology 
500 |a "IT Includes index". 
942 |a lcc  |c BK  |e Olagoke,M.A.  |f 16/09/2021 
952 |0 0  |1 0  |2 lcc  |4 0  |7 0  |9 3579  |a HOL  |b ML  |c QZ  |d 2021-09-16  |o QM 551.G95  |p 2021-67320  |r 2021-09-16 00:00:00  |t 697083  |w 2021-09-16  |y BK 
952 |0 0  |1 0  |2 lcc  |4 0  |7 0  |9 3580  |a HOL  |b HOL  |c QZ  |d 2021-09-16  |o QM 551.G95  |p 2021-67321  |r 2021-09-16 00:00:00  |t 697082  |w 2021-09-16  |y BK 
999 |c 1773  |d 1773